000 01249nam a2200349 c 4500
003 BLK
005 20180420221612.0
008 180408b bul|||||r ||||||| ||bul||
010 _aKNG00048823000
020 _a954-742-079-8
_bиздат.: Слънце
040 _aBLK
041 _aBUL
_cBUL
080 _aИстория на САЩ
_b973
_x
_z973
100 1 _aАксълрод, Алън
_eпърви автор
_929904
700 1 _aМаркова, Аглика
_eпрев. от англ.
_9255951
139 _aАксълрод, Алън
_bА 44
245 1 0 _aКратка история на Америка
_cАлън Аксълрод; прев. от англ. Аглика Маркова.
257 _aUSA
260 София
_bСлънце
_c2005
_fСофия : Инвестпрес
300 _a455 с.
_c21 см
380 _a9
490 1 _aПоредица Поглед към САЩ
500 _aОриг. загл. American hisjory A.S.A.P. (as soon as possible) / Alan Axeirod
650 4 _aСАЩ - история
_9262032
653 _aистория
653 _aСАЩ
852 _aЦб 222858
856 4 _qpdf
_u
856 4 _qpdf
_u
942 _cKNG
_n0
944 _aCR
_c17.03.2005
_kГеновева_Генчева
944 _aED
_c21.06.2006
_k
999 _c45043
_d45043